[Event "EU-Cup 38th"]
[Site "Durres"]
[Date "2023.10.07"]
[Round "7.6"]
[White "Stoyanov, Viktor"]
[Black "Willemze, Thomas"]
[Result "0-1"]
[WhiteElo "2304"]
[BlackElo "2351"]
[PlyCount "212"]
[EventDate "2023.10.01"]
[EventType "team-swiss"]
[EventRounds "7"]
[EventCountry "ALB"]
[SourceTitle "EXT 2024"]
[Source "ChessBase"]
[SourceDate "2023.10.10"]
[SourceVersion "1"]
[SourceVersionDate "2023.10.10"]
[SourceQuality "1"]
[WhiteTeam "Wood Green"]
[BlackTeam "Leiden LSG"]
[WhiteTeamCountry "ENG"]
[BlackTeamCountry "NED"]

1. d4 d5 2. c4 e6 3. Nf3 c5 4. cxd5 exd5 5. g3 Nf6 6. Bg2 h6 7. 0-0 Nc6 8. Nc3 Be6 9. b3 Rc8 10. Bb2 Be7 11. Rc1 0-0 12. dxc5 Bxc5 13. Na4 Be7 14. Nd4 Nxd4 15. Bxd4 Qa5 16. Qe1 Bb4 17. Qd1 Ne4 18. Rxc8 Rxc8 19. Qa1 b5 20. a3 Bf8 21. f3 Nd2 22. Bc3 Nxb3 23. Bxa5 Nxa1 24. Rxa1 bxa4 25. f4 Rc2 26. Bf3 d4 27. Kf1 d3 28. Ke1 dxe2 29. Bxe2 g6 30. Bd2 Rc8 31. Bb5 Bb3 32. Be3 Rb8 33. Be2 Bg7 34. Rb1 a5 35. Bd2 Bf8 36. Ra1 Ra8 37. g4 Bd6 38. h3 Re8 39. Kf1 Re4 40. f5 gxf5 41. gxf5 Re5 42. Bd3 Bf8 43. Bf4 Rd5 44. Ke2 f6 45. Rb1 Rd4 46. Rg1+ Kf7 47. Bc1 Bc4 48. Rg3 h5 49. Bxc4+ Rxc4 50. Bd2 Rc2 51. Kd1 Ra2 52. Rc3 Bxa3 53. Rc7+ Be7 54. Bxa5 Rb2 55. Bc3 Rb5 56. Ra7 a3 57. Kd2 Rd5+ 58. Ke3 Rd1 59. Bb4 a2 60. Rxe7+ Kg8 61. Re8+ Kh7 62. Re7+ Kh6 63. Bc3 Re1+ 64. Bxe1 a1Q 65. Kf2 Qd4+ 66. Re3 Kg5 67. Bc3 Qc5 68. Ke2 Kxf5 69. Bd2 Qc4+ 70. Kf2 Qc2 71. Rf3+ Ke4 72. Re3+ Kd4 73. Ke2 f5 74. Rf3 Qb1 75. Rf4+ Ke5 76. Rf3 Qh1 77. Re3+ Kd5 78. Rd3+ Ke6 79. Re3+ Kf7 80. Rf3 Qg2+ 81. Ke3 Ke6 82. Be1 Qg1+ 83. Ke2 Qh2+ 84. Ke3 Qc2 85. Bd2 Qd1 86. Bc3 Qc2 87. Bd2 Qd1 88. Bc3 h4 89. Kf2 Qc2+ 90. Kf1 Kd5 91. Be1 Qc4+ 92. Kf2 Qd4+ 93. Ke2 Ke4 94. Rc3 f4 95. Bd2 Qd5 96. Ke1 Qg8 97. Kf2 Qe6 98. Ke2 Qa2 99. Ke1 Qd5 100. Ra3 Qd4 101. Ke2 Qc4+ 102. Ke1 Qc5 103. Rc3 Qg1+ 104. Ke2 Qg2+ 105. Kd1 f3 106. Rc4+ Kd5 0-1

[Event "Erkenschwick Jubilee"]
[Site "Oer Erkenschwick"]
[Date "2023.08.11"]
[Round "8"]
[White "Willemze, Thomas"]
[Black "Spriestersbach, Kai"]
[Result "1-0"]
[WhiteElo "2371"]
[BlackElo "2167"]
[PlyCount "123"]
[EventDate "2023.08.04"]
[EventType "tourn"]
[EventRounds "9"]
[EventCountry "GER"]
[EventCategory "6"]
[SourceTitle "EXT 2024"]
[Source "ChessBase"]
[SourceDate "2023.10.10"]
[SourceVersion "1"]
[SourceVersionDate "2023.10.10"]
[SourceQuality "1"]

1. e4 e5 2. Nf3 Nc6 3. Nc3 Nf6 4. Bb5 Nd4 5. 0-0 c6 6. Bc4 d6 7. Nxd4 exd4 8. Ne2 Nxe4 9. Nxd4 d5 10. Be2 Be7 11. d3 Nd6 12. c4 Nf5 13. Nxf5 Bxf5 14. Qb3 dxc4 15. Qxb7 cxd3 16. Bxd3 Qc8 17. Qxc8+ Bxc8 18. Be4 Bb7 19. Be3 0-0 20. Rac1 Rfb8 21. Rfd1 c5 22. Bxb7 Rxb7 23. b3 a5 24. Bxc5 Bxc5 25. Rxc5 g6 26. Rc4 a4 27. Rxa4 Rxa4 28. bxa4 Rb4 29. a3 Rxa4 30. Rd3 Rc4 31. Kf1 Rc2 32. Ke1 Ra2 33. Rf3 h5 34. Kd1 Kg7 35. Kc1 g5 36. Kb1 Rd2 37. a4 g4 38. Rf4 Rd5 39. Kc2 Kg6 40. Kc3 f5 41. g3 Kg5 42. Rb4 Rd1 43. Rb2 Rh1 44. a5 h4 45. gxh4+ Kxh4 46. Ra2 f4 47. a6 Rc1+ 48. Kd2 Rc8 49. a7 Ra8 50. Ke2 f3+ 51. Kf1 Kh3 52. Ra6 Kh4 53. h3 g3 54. fxg3+ Kxg3 55. Rg6+ Kxh3 56. Rg7 Rc8 57. Kf2 Kh4 58. Kxf3 Rc3+ 59. Ke4 Ra3 60. Kd5 Kh5 61. Kc6 Kh6 62. Rd7 1-0

[Event "Erkenschwick Jubilee"]
[Site "Oer Erkenschwick"]
[Date "2023.08.05"]
[Round "2"]
[White "Besou, Hussain"]
[Black "Willemze, Thomas"]
[Result "1-0"]
[WhiteElo "2364"]
[BlackElo "2371"]
[PlyCount "53"]
[EventDate "2023.08.04"]
[EventType "tourn"]
[EventRounds "9"]
[EventCountry "GER"]
[EventCategory "6"]
[SourceTitle "EXT 2024"]
[Source "ChessBase"]
[SourceDate "2023.10.10"]
[SourceVersion "1"]
[SourceVersionDate "2023.10.10"]
[SourceQuality "1"]

1. e4 e6 2. d4 d5 3. Nc3 Nf6 4. Bg5 dxe4 5. Nxe4 Be7 6. Bxf6 gxf6 7. Nf3 f5 8. Nc3 Nd7 9. g3 c6 10. Bg2 Qc7 11. Qe2 h5 12. 0-0-0 Nf6 13. Ne5 Ng4 14. Nxg4 hxg4 15. h3 gxh3 16. Bxh3 Bd7 17. Bxf5 Rxh1 18. Rxh1 0-0-0 19. Bh3 Qa5 20. Qe5 b5 21. Kb1 Qb6 22. Ne4 Be8 23. Bxe6+ fxe6 24. Qxe6+ Kb8 25. Qxe7 Qxd4 26. a3 Bg6 27. Nc5 1-0

[Event "NED-chT 2223"]
[Site "Netherlands"]
[Date "2023.04.22"]
[Round "9.10"]
[White "Zwirs, Nico"]
[Black "Willemze, Thomas"]
[Result "1/2-1/2"]
[WhiteElo "2476"]
[BlackElo "2354"]
[PlyCount "160"]
[EventDate "2022.09.17"]
[EventType "team-tourn"]
[EventRounds "9"]
[EventCountry "NED"]
[SourceTitle "EXT 2024"]
[Source "ChessBase"]
[SourceDate "2023.10.10"]
[SourceVersion "1"]
[SourceVersionDate "2023.10.10"]
[SourceQuality "1"]
[WhiteTeam "Apeldoorn Amevo"]
[BlackTeam "Leiden LSG"]
[WhiteTeamCountry "NED"]
[BlackTeamCountry "NED"]

1. e4 c6 2. d4 d5 3. exd5 cxd5 4. Nf3 Nc6 5. c3 Nf6 6. Bd3 Bg4 7. h3 Bh5 8. Bf4 e6 9. 0-0 Bd6 10. Bxd6 Qxd6 11. Nbd2 0-0 12. Re1 Rfe8 13. Qb3 Nd7 14. Re3 Rab8 15. a4 a6 16. Rae1 Nf8 17. Qa2 Qc7 18. Ra1 Rbd8 19. Rae1 f6 20. b4 Bf7 21. Qb1 Ne7 22. Nb3 Neg6 23. Nc5 Nf4 24. Bf1 g5 25. g3 Nh5 26. b5 axb5 27. Qxb5 Re7 28. a5 Ra8 29. Ra1 Be8 30. Qb4 Ng7 31. Ree1 Nf5 32. Qb6 Qxb6 33. axb6 Rxa1 34. Rxa1 Nd7 35. Nxb7 Nxb6 36. Nc5 Nd7 37. Ra8 Nd6 38. Nd3 Ne4 39. Nb4 Nf8 40. c4 dxc4 41. Bxc4 Nd6 42. Ba2 Rb7 43. Nd3 Bc6 44. Nfe1 Bd5 45. Nc5 Re7 46. Bxd5 exd5 47. Nc2 Ne4 48. Rc8 Kf7 49. Nb4 Nc3 50. Kf1 h5 51. Ncd3 Nb5 52. Nxd5 Rd7 53. Nxf6 Rxd4 54. Ne1 Nd6 55. Ra8 h4 56. Nf3 Rb4 57. Ng4 hxg3 58. Nfe5+ Kg7 59. Ra7+ Rb7 60. Rxb7+ Nxb7 61. fxg3 Nd6 62. Kg2 Ne6 63. Kf2 Nf5 64. Ne3 Nd6 65. Kf3 Nf8 66. Kg4 Ne4 67. Kf3 Nd6 68. Nd5 Ne6 69. Kg4 Ne4 70. Kf3 Nd6 71. Nc3 Nf5 72. Kg4 Nh6+ 73. Kh5 Nf5 74. Ne4 Kh7 75. Kg4 Ne3+ 76. Kh5 Nf5 77. Nf3 Nxg3+ 78. Nxg3 Nf4+ 79. Kg4 Nxh3 80. Kxh3 g4+ 1/2-1/2

[Event "Reykjavik op"]
[Site "Reykjavik"]
[Date "2023.03.30"]
[Round "2"]
[White "Ivanchuk, Vassily"]
[Black "Willemze, Thomas"]
[Result "1-0"]
[WhiteElo "2664"]
[BlackElo "2364"]
[PlyCount "63"]
[EventDate "2023.03.29"]
[EventType "swiss"]
[EventRounds "9"]
[EventCountry "ISL"]
[SourceTitle "CBM 213 Extra"]
[Source "ChessBase"]
[SourceDate "2023.05.31"]
[SourceVersion "1"]
[SourceVersionDate "2023.05.31"]
[SourceQuality "1"]

1. e4 c6 2. d4 d5 3. exd5 cxd5 4. c4 Nf6 5. Nc3 g6 6. Qb3 Bg7 7. cxd5 0-0 8. Bf4 a5 9. a3 a4 10. Qa2 e6 11. dxe6 Bxe6 12. Bc4 Qxd4 13. Bxe6 Qxf4 14. Nge2 Qe5 15. Bc4 Nc6 16. Rd1 Ra5 17. h3 b5 18. Bd5 Ne7 19. Bf3 Nf5 20. 0-0 Nh4 21. Nd4 Nxf3+ 22. Nxf3 Qb8 23. Rfe1 Nh5 24. Nd5 Ra6 25. Ng5 Bf6 26. Ne4 Kg7 27. b4 axb3 28. Qxb3 Qa7 29. g4 Rxa3 30. Qb4 Rxh3 31. Ndxf6 Nxf6 32. Qb2 1-0

[Event "Reykjavik op"]
[Site "Reykjavik"]
[Date "2023.03.29"]
[Round "1"]
[White "Willemze, Thomas"]
[Black "Halldorsson, Bragi"]
[Result "1-0"]
[WhiteElo "2364"]
[BlackElo "2067"]
[PlyCount "79"]
[EventDate "2023.03.29"]
[EventType "swiss"]
[EventRounds "9"]
[EventCountry "ISL"]
[SourceTitle "CBM 213 Extra"]
[Source "ChessBase"]
[SourceDate "2023.05.31"]
[SourceVersion "1"]
[SourceVersionDate "2023.05.31"]
[SourceQuality "1"]

1. e4 c6 2. d4 d5 3. exd5 cxd5 4. Bd3 Nc6 5. c3 g6 6. Nf3 Bg7 7. 0-0 Nh6 8. Re1 0-0 9. h3 f6 10. Bb5 Nf7 11. c4 a6 12. cxd5 axb5 13. dxc6 bxc6 14. Bd2 Re8 15. Qb3 e6 16. Nc3 f5 17. Rad1 Qc7 18. d5 cxd5 19. Nxd5 Qc4 20. Qxc4 bxc4 21. Nc7 Bb7 22. Bc3 Bf8 23. Nxe8 Rxe8 24. Ne5 Bd5 25. Nd7 Be7 26. Nb6 Be4 27. Nxc4 Ra8 28. Rd7 Kf8 29. a3 Ke8 30. Rd2 Rc8 31. Ne3 Bxa3 32. f3 Bb7 33. bxa3 Rxc3 34. Nd5 Bxd5 35. Rxd5 Ke7 36. Ra5 Rc6 37. a4 Nd6 38. Ra7+ Kf6 39. a5 Nc4 40. a6 1-0

[Event "NED-chT 2223"]
[Site "Netherlands"]
[Date "2023.03.11"]
[Round "7.8"]
[White "Hommerson, Paul"]
[Black "Willemze, Thomas"]
[Result "1/2-1/2"]
[WhiteElo "2260"]
[BlackElo "2354"]
[PlyCount "79"]
[EventDate "2022.09.17"]
[EventType "team-tourn"]
[EventRounds "9"]
[EventCountry "NED"]
[SourceTitle "CBM 213 Extra"]
[Source "ChessBase"]
[SourceDate "2023.05.31"]
[SourceVersion "1"]
[SourceVersionDate "2023.05.31"]
[SourceQuality "1"]
[WhiteTeam "Paul Keres"]
[BlackTeam "Leiden LSG"]
[WhiteTeamCountry "NED"]
[BlackTeamCountry "NED"]

1. d4 d5 2. c4 e6 3. Nf3 c5 4. cxd5 exd5 5. Nc3 Nf6 6. g3 Nc6 7. Bg2 Be7 8. 0-0 0-0 9. dxc5 Bxc5 10. Bg5 d4 11. Bxf6 Qxf6 12. Nd5 Qf5 13. Nd2 Rd8 14. Nf4 Bd6 15. Nd3 Bf8 16. Ne4 Re8 17. Nd2 Be6 18. Nf4 Rad8 19. Bh3 Qb5 20. Nxe6 fxe6 21. Ne4 Qe5 22. Bg2 d3 23. exd3 Nb4 24. Qa4 Nxd3 25. Qxa7 b5 26. a4 Nc5 27. Rae1 Nxa4 28. Nc3 Qc5 29. Qxc5 Bxc5 30. Bc6 Rf8 31. Bxb5 Nxc3 32. bxc3 Rf3 33. Rxe6 Rxc3 34. Kg2 Rd2 35. Re2 Rxe2 36. Bxe2 Rc2 37. Bd3 Rd2 38. Bc4+ Kf8 39. h4 g6 40. Bb3 1/2-1/2

[Event "NED-chT 2223"]
[Site "Netherlands"]
[Date "2022.11.26"]
[Round "4.5"]
[White "Willemze, Thomas"]
[Black "Wantola, Ivo"]
[Result "0-1"]
[WhiteElo "2354"]
[BlackElo "2326"]
[PlyCount "58"]
[EventDate "2022.09.17"]
[EventType "team-tourn"]
[EventRounds "9"]
[EventCountry "NED"]
[SourceTitle "CBM 213 Extra"]
[Source "ChessBase"]
[SourceDate "2023.05.31"]
[SourceVersion "1"]
[SourceVersionDate "2023.05.31"]
[SourceQuality "1"]
[WhiteTeam "Leiden LSG"]
[BlackTeam "Zuid Limburg"]
[WhiteTeamCountry "NED"]
[BlackTeamCountry "NED"]

1. e4 c5 2. Nf3 g6 3. c3 d5 4. exd5 Qxd5 5. d4 cxd4 6. cxd4 Nf6 7. Nc3 Qa5 8. Bc4 Bg7 9. 0-0 0-0 10. Re1 Qc7 11. Ne5 Nc6 12. Nb5 Qd8 13. Bf4 Nh5 14. Nxf7 Rxf7 15. Bc7 Qf8 16. Bxf7+ Qxf7 17. d5 a6 18. dxc6 axb5 19. Qd8+ Bf8 20. Re3 bxc6 21. Rae1 Bb7 22. Bb8 c5 23. Rxe7 Qd5 24. Qxd5+ Bxd5 25. Re8 Nf6 26. Rd8 Kf7 27. a3 Be7 28. Rh8 Be6 29. g4 Bd6 0-1

[Event "EU-Cup 37th"]
[Site "Mayrhofen"]
[Date "2022.10.09"]
[Round "7.4"]
[White "Willemze, Thomas"]
[Black "Rozen, Eytan"]
[Result "1-0"]
[WhiteElo "2367"]
[BlackElo "2462"]
[PlyCount "101"]
[EventDate "2022.10.03"]
[EventType "team-swiss"]
[EventRounds "7"]
[EventCountry "AUT"]
[SourceTitle "CBM 210 Extra"]
[Source "ChessBase"]
[SourceDate "2022.11.30"]
[SourceVersion "1"]
[SourceVersionDate "2022.11.30"]
[SourceQuality "1"]
[WhiteTeam "Leiden LSG"]
[BlackTeam "Kfar Saba"]
[WhiteTeamCountry "NED"]
[BlackTeamCountry "ISR"]

1. e4 e5 2. Nf3 Nc6 3. Nc3 Nf6 4. Bb5 Bd6 5. d3 0-0 6. Ba4 Nd4 7. Be3 Nxf3+ 8. Qxf3 Be7 9. h3 c6 10. Bb3 d6 11. d4 Be6 12. Rd1 Qa5 13. 0-0 b5 14. dxe5 dxe5 15. Bg5 Rad8 16. Bxf6 Bxf6 17. Bxe6 fxe6 18. Qg4 Rde8 19. Rd6 b4 20. Nd1 Qxa2 21. Rxc6 Rc8 22. Rxc8 Rxc8 23. Ne3 Rd8 24. b3 Qa6 25. Rd1 Rxd1+ 26. Qxd1 Qc6 27. Qd3 h5 28. Qc4 Qd6 29. Qc8+ Kf7 30. Qb7+ Kg6 31. Qxa7 Bg5 32. Nf1 h4 33. Qa1 Kh7 34. Qe1 Bh6 35. Qe2 Qc6 36. Qc4 Qxc4 37. bxc4 Kg6 38. Nh2 Bf4 39. Nf3 Kf6 40. Nxh4 Ke7 41. Kf1 Kd6 42. Ke2 Bg5 43. Nf3 Bd8 44. h4 Bb6 45. h5 Kc5 46. Kd3 Kd6 47. g4 Bxf2 48. g5 Bb6 49. g6 Ke7 50. Nxe5 Bc7 51. h6 1-0

[Event "Oberliga NRW 2122"]
[Site "Germany"]
[Date "2022.03.13"]
[Round "7.1"]
[White "Willemze, Thomas"]
[Black "Hoffmann, Michael"]
[Result "1/2-1/2"]
[WhiteElo "2384"]
[BlackElo "2430"]
[PlyCount "112"]
[EventDate "2021.10.31"]
[EventType "team-tourn"]
[EventRounds "9"]
[EventCountry "GER"]
[SourceTitle "EXT 2023"]
[Source "ChessBase"]
[SourceDate "2022.10.05"]
[SourceVersion "1"]
[SourceVersionDate "2022.10.05"]
[SourceQuality "1"]
[WhiteTeam "Erkenschwick"]
[BlackTeam "Siegburg"]
[WhiteTeamCountry "GER"]
[BlackTeamCountry "GER"]

1. e4 c6 2. c4 d5 3. cxd5 cxd5 4. exd5 Nf6 5. Nc3 Nxd5 6. Nf3 e6 7. Bc4 Nxc3 8. dxc3 Qc7 9. Qe2 Bd6 10. Nd4 a6 11. Nf5 Be5 12. f4 Bf6 13. Ne3 0-0 14. 0-0 g6 15. Bd2 Bg7 16. Be1 Nd7 17. Bg3 Qc6 18. Bb3 b5 19. a4 Bb7 20. axb5 axb5 21. Rxa8 Rxa8 22. Rd1 Nc5 23. Bc2 h5 24. f5 exf5 25. Nd5 Re8 26. Qe7 Ne6 27. Qh4 Kh8 28. Rd2 Qc5+ 29. Bf2 Qd6 30. Bb3 Rd8 31. Be3 Qf8 32. h3 Nc5 33. Bxc5 Qxc5+ 34. Kh1 Rd7 35. c4 bxc4 36. Qxc4 Qa5 37. Rd1 Bxb2 38. Qe2 Bxd5 39. Qxb2+ Kh7 40. Qd2 Qxd2 41. Rxd2 Be6 42. Rxd7 Bxd7 43. Bxf7 h4 44. Kg1 Kg7 45. Bb3 Kf6 46. Kf2 Kg5 47. Bd1 Kf4 48. Be2 Bc6 49. Bd1 g5 50. Be2 Bb7 51. Bd1 Bd5 52. Be2 g4 53. hxg4 fxg4 54. g3+ hxg3+ 55. Kg1 Bf3 56. Bb5 Ke3 1/2-1/2

[Event "NED-chT 2122"]
[Site "Netherlands"]
[Date "2021.11.27"]
[Round "4.10"]
[White "Willemze, Thomas"]
[Black "Bosboom, Manuel"]
[Result "1-0"]
[WhiteElo "2385"]
[BlackElo "2395"]
[PlyCount "59"]
[EventDate "2021.09.18"]
[EventType "team-tourn"]
[EventRounds "9"]
[EventCountry "NED"]
[SourceTitle "EXT 2023"]
[Source "ChessBase"]
[SourceDate "2022.10.05"]
[SourceVersion "1"]
[SourceVersionDate "2022.10.05"]
[SourceQuality "1"]
[WhiteTeam "Leiden LSG"]
[BlackTeam "En Passant"]
[WhiteTeamCountry "NED"]
[BlackTeamCountry "NED"]

1. e4 c5 2. Nc3 Nc6 3. Nf3 d6 4. d4 cxd4 5. Nxd4 Nf6 6. g3 Bg4 7. f3 Bd7 8. Be3 g6 9. Qd2 Bg7 10. g4 0-0 11. 0-0-0 Rc8 12. Kb1 Ne5 13. Be2 Nc4 14. Bxc4 Rxc4 15. Nde2 b5 16. h4 b4 17. Nd5 Nxd5 18. exd5 Qa5 19. h5 Rfc8 20. Nd4 g5 21. Nb3 Qc7 22. Bd4 h6 23. Bxg7 Kxg7 24. Nd4 e5 25. dxe6 fxe6 26. Qd3 e5 27. Qg6+ Kf8 28. Qxh6+ Ke8 29. Qg6+ Kf8 30. h6 1-0

[Event "NED-chT 1819"]
[Site "Netherlands"]
[Date "2019.05.11"]
[Round "9.1"]
[White "Van Foreest, Lucas"]
[Black "Willemze, Thomas"]
[Result "0-1"]
[WhiteElo "2506"]
[BlackElo "2408"]
[PlyCount "42"]
[EventDate "2018.09.15"]
[EventType "team-tourn"]
[EventRounds "9"]
[EventCountry "NED"]
[SourceTitle "CBM 189 Extra"]
[Source "ChessBase"]
[SourceDate "2019.06.03"]
[SourceVersion "1"]
[SourceVersionDate "2019.06.03"]
[SourceQuality "1"]
[WhiteTeam "En Passant"]
[BlackTeam "BSG"]
[WhiteTeamCountry "NED"]
[BlackTeamCountry "NED"]

1. e4 c6 2. Nf3 d5 3. d3 dxe4 4. dxe4 Qxd1+ 5. Kxd1 Bg4 6. Bd3 Nd7 7. Ke2 Nc5 8. Be3 e6 9. Nbd2 Nf6 10. a4 Bh5 11. a5 Ng4 12. Bd4 0-0-0 13. h3 Nf6 14. g4 Bg6 15. Ke3 Nfd7 16. Bc4 e5 17. Bc3 Nf6 18. Bd3 Ncxe4 19. Nxe4 Nxe4 20. Bxe4 Bc5+ 21. Bd4 exd4+ 0-1

[Event "Oberliga NRW 1819"]
[Site "Germany"]
[Date "2019.04.14"]
[Round "8.2"]
[White "Willemze, Thomas"]
[Black "Lutz, Christopher"]
[Result "0-1"]
[WhiteElo "2400"]
[BlackElo "2537"]
[PlyCount "78"]
[EventDate "2018.09.16"]
[EventType "team-tourn"]
[EventRounds "9"]
[EventCountry "GER"]
[SourceTitle "EXT 2020"]
[Source "ChessBase"]
[SourceDate "2019.10.17"]
[SourceVersion "1"]
[SourceVersionDate "2019.10.17"]
[SourceQuality "1"]
[WhiteTeam "Erkenschwick"]
[BlackTeam "Koeln Porz"]
[WhiteTeamCountry "GER"]
[BlackTeamCountry "GER"]

1. e4 c5 2. Nc3 e6 3. Nf3 Nc6 4. d4 cxd4 5. Nxd4 a6 6. g3 d6 7. Bg2 Bd7 8. 0-0 Nf6 9. Re1 Be7 10. Nxc6 Bxc6 11. e5 dxe5 12. Bxc6+ bxc6 13. Qf3 Nd5 14. Rxe5 0-0 15. Re2 Nxc3 16. Qxc3 Bf6 17. Qe1 Qd5 18. c3 Rfd8 19. Bf4 Qf5 20. Qb1 Rd3 21. Rd2 Rad8 22. Rxd3 Rxd3 23. Qf1 h5 24. h4 e5 25. Be3 e4 26. Re1 Be5 27. Qe2 Qh3 28. Qf1 Qe6 29. a3 g6 30. Kg2 Qd5 31. Qe2 f5 32. Kg1 Bd6 33. Qc2 Qc4 34. Kg2 Kh7 35. Rd1 Bxg3 36. fxg3 Rxe3 37. Rd7+ Kh6 38. Rd2 f4 39. gxf4 Qe6 0-1

[Event "NED-chT 1819"]
[Site "Netherlands"]
[Date "2019.03.16"]
[Round "7.8"]
[White "Willemze, Thomas"]
[Black "De Jong, Jan Willem"]
[Result "0-1"]
[WhiteElo "2408"]
[BlackElo "2446"]
[PlyCount "68"]
[EventDate "2018.09.15"]
[EventType "team-tourn"]
[EventRounds "9"]
[EventCountry "NED"]
[SourceTitle "CBM 189 Extra"]
[Source "ChessBase"]
[SourceDate "2019.06.03"]
[SourceVersion "1"]
[SourceVersionDate "2019.06.03"]
[SourceQuality "1"]
[WhiteTeam "BSG"]
[BlackTeam "Leiden LSG"]
[WhiteTeamCountry "NED"]
[BlackTeamCountry "NED"]

1. e4 e5 2. Nf3 Nc6 3. Bc4 Nf6 4. d3 Bc5 5. c3 0-0 6. Bb3 a6 7. h3 d6 8. Bg5 Ne7 9. Bxf6 gxf6 10. Nh4 Ng6 11. Nxg6 hxg6 12. Nd2 c6 13. Qf3 Kg7 14. g4 b5 15. Nf1 a5 16. Ng3 a4 17. Bc2 b4 18. cxb4 Bxb4+ 19. Kf1 Rh8 20. Kg2 Rh4 21. Rad1 Bc5 22. Ne2 Qh8 23. Qg3 Qh6 24. f4 exf4 25. Nxf4 Bd4 26. Nh5+ Rxh5 27. gxh5 Qxh5 28. Rd2 Be5 29. Bd1 Qh6 30. Qf2 Qg5+ 31. Kf1 Bd4 32. h4 Qh6 33. Qh2 Bh3+ 34. Rg2 Qd2 0-1

[Event "NED-chT 1819"]
[Site "Netherlands"]
[Date "2018.12.15"]
[Round "5.5"]
[White "Haast, Mark"]
[Black "Willemze, Thomas"]
[Result "1-0"]
[WhiteElo "2354"]
[BlackElo "2408"]
[PlyCount "97"]
[EventDate "2018.09.15"]
[EventType "team-tourn"]
[EventRounds "9"]
[EventCountry "NED"]
[SourceTitle "CBM 189 Extra"]
[Source "ChessBase"]
[SourceDate "2019.06.03"]
[SourceVersion "1"]
[SourceVersionDate "2019.06.03"]
[SourceQuality "1"]
[WhiteTeam "De Stukkenjagers"]
[BlackTeam "BSG"]
[WhiteTeamCountry "NED"]
[BlackTeamCountry "NED"]

1. c4 e5 2. g3 Nf6 3. Bg2 g6 4. Nc3 d6 5. e4 Bg7 6. Nge2 Nc6 7. d3 Nd7 8. 0-0 Nc5 9. Be3 Nd4 10. f4 Bg4 11. h3 exf4 12. gxf4 Bh5 13. Qd2 Nxe2+ 14. Nxe2 Bxe2 15. Qxe2 Qe7 16. Rad1 0-0 17. Qf2 a5 18. h4 Nd7 19. h5 Nf6 20. Qh4 Nd5 21. Qxe7 Nxe7 22. hxg6 fxg6 23. d4 Rab8 24. b3 h5 25. Bh3 Kh7 26. d5 Bh6 27. Rf2 Ng8 28. Re1 Rbe8 29. Be6 Nf6 30. Bd2 Ng4 31. Bxg4 hxg4 32. Kg2 b6 33. Kg3 Bg7 34. Kxg4 Bd4 35. Rf3 Kg7 36. Bc3 Bxc3 37. Rxc3 Rh8 38. Rh3 Rxh3 39. Kxh3 g5 40. e5 gxf4 41. e6 Kf6 42. Kg4 c6 43. Kxf4 cxd5 44. cxd5 Rh8 45. e7 Re8 46. Re6+ Kf7 47. Kf5 b5 48. Rf6+ Kg7 49. Ke6 1-0

[Event "NRW Class1 1718"]
[Site "Germany"]
[Date "2018.04.29"]
[Round "9.1"]
[White "Forchert, Martin"]
[Black "Willemze, Thomas"]
[Result "1-0"]
[WhiteElo "2282"]
[BlackElo "2409"]
[PlyCount "77"]
[EventDate "2017.09.17"]
[EventType "team-tourn"]
[EventRounds "9"]
[EventCountry "GER"]
[SourceTitle "EXT 2019"]
[Source "ChessBase"]
[SourceDate "2018.10.10"]
[SourceVersion "1"]
[SourceVersionDate "2018.10.10"]
[SourceQuality "1"]
[WhiteTeam "Bielefeld"]
[BlackTeam "Erkenschwick"]
[WhiteTeamCountry "GER"]
[BlackTeamCountry "GER"]

1. e4 c6 2. d4 d5 3. e5 Bf5 4. Be3 e6 5. Nd2 Nd7 6. Ngf3 Bg6 7. Be2 Ne7 8. Nh4 c5 9. c3 cxd4 10. cxd4 Nc6 11. Nxg6 hxg6 12. 0-0 Qb6 13. Qa4 a6 14. Rab1 Qa7 15. Nf3 Be7 16. Rfc1 Bd8 17. Qd1 Bb6 18. Qd2 g5 19. h3 f6 20. exf6 gxf6 21. b4 Rg8 22. a4 Ne7 23. a5 Bd8 24. Bd3 Nc8 25. Qe2 Nd6 26. Bxg5 Ke7 27. Re1 Nf8 28. Bh6 b5 29. Bxf8+ Kxf8 30. Qxe6 Be7 31. Qxd5 Rd8 32. Re6 Nf7 33. Qc6 Rxd4 34. Nxd4 Qxd4 35. Qe4 Qd8 36. Rxa6 Bd6 37. Ra8 Bb8 38. Qb7 Kg7 39. Rxb8 1-0

[Event "NED-chT 1718"]
[Site "Netherlands"]
[Date "2018.04.21"]
[Round "9.6"]
[White "Willemze, Thomas"]
[Black "Van de Griendt, Jan Willem"]
[Result "1/2-1/2"]
[WhiteElo "2416"]
[BlackElo "2359"]
[PlyCount "109"]
[EventDate "2017.09.16"]
[EventType "team-tourn"]
[EventRounds "9"]
[EventCountry "NED"]
[SourceTitle "EXT 2019"]
[Source "ChessBase"]
[SourceDate "2018.10.10"]
[SourceVersion "1"]
[SourceVersionDate "2018.10.10"]
[SourceQuality "1"]
[WhiteTeam "BSG"]
[BlackTeam "En Passant"]
[WhiteTeamCountry "NED"]
[BlackTeamCountry "NED"]

1. e4 e5 2. Nf3 Nc6 3. Bc4 Bc5 4. d3 Nf6 5. Bb3 d6 6. c3 a6 7. h3 Ba7 8. Nbd2 h6 9. Nf1 d5 10. Qe2 0-0 11. g4 Be6 12. g5 hxg5 13. Bxg5 dxe4 14. dxe4 Bxb3 15. axb3 Qd6 16. Ng3 Qe6 17. Rg1 Ne8 18. Nf5 Kh8 19. Nxe5 g6 20. Nxc6 bxc6 21. Qg4 Nf6 22. Qh4+ Nh7 23. Nh6 Rae8 24. 0-0-0 f6 25. Be3 Bxe3+ 26. fxe3 g5 27. Qg4 Qxe4 28. Nf5 Qe6 29. Kc2 Rb8 30. Nd4 Qf7 31. e4 Rfe8 32. c4 c5 33. Nf5 Qe6 34. Rge1 a5 35. Nh6 a4 36. Qxe6 axb3+ 37. Kc3 Rxe6 38. Rd7 c6 39. h4 g4 40. Nf7+ Kg8 41. Nh6+ Kh8 42. Nf7+ Kg8 43. Rg1 Rxe4 44. Nh6+ Kh8 45. Nxg4 Nf8 46. Rd6 Nh7 47. Rxc6 Rg8 48. Nxf6 Nxf6 49. Rxg8+ Nxg8 50. Rxc5 Re3+ 51. Kb4 Nf6 52. Ra5 Kg7 53. Ra3 Rh3 54. Rxb3 Rxh4 55. Rd3 1/2-1/2

[Event "NRW Class1 1718"]
[Site "Germany"]
[Date "2017.11.19"]
[Round "3.1"]
[White "Niermann, Tristan"]
[Black "Willemze, Thomas"]
[Result "1-0"]
[WhiteElo "2178"]
[BlackElo "2409"]
[PlyCount "63"]
[EventDate "2017.09.17"]
[EventType "team-tourn"]
[EventRounds "9"]
[EventCountry "GER"]
[SourceTitle "EXT 2019"]
[Source "ChessBase"]
[SourceDate "2018.10.10"]
[SourceVersion "1"]
[SourceVersionDate "2018.10.10"]
[SourceQuality "1"]
[WhiteTeam "Lieme"]
[BlackTeam "Erkenschwick"]
[WhiteTeamCountry "GER"]
[BlackTeamCountry "GER"]

1. d4 Nf6 2. c4 e6 3. g3 d5 4. Nf3 Be7 5. Bg2 0-0 6. 0-0 c6 7. Qc2 b6 8. Nbd2 Bb7 9. e4 Na6 10. a3 dxc4 11. e5 Nd5 12. Ne4 h6 13. Qxc4 Nac7 14. Rd1 a5 15. Bd2 a4 16. Qc1 f5 17. exf6 Nxf6 18. Nxf6+ Bxf6 19. Bf4 Nd5 20. Be5 Ra5 21. Qc2 c5 22. dxc5 Qa8 23. Bd6 Rf7 24. Bh3 Bc8 25. c6 Rb5 26. Nd4 Bxd4 27. Rxd4 Rb3 28. Re1 Qa5 29. Bb4 Nxb4 30. axb4 Rxb4 31. Rd8+ Rf8 32. Rxc8 1-0